000161668 001__ 161668
000161668 005__ 20251017144612.0
000161668 0247_ $$2doi$$a10.20318/cian.2016.3436
000161668 0248_ $$2sideral$$a144295
000161668 037__ $$aART-2016-144295
000161668 041__ $$aspa
000161668 100__ $$0(orcid)0000-0002-2790-7265$$aCalvo Romero, Sergio
000161668 245__ $$aLa represión en la Universidad de Zaragoza: el papel del Tribunal de Orden Público
000161668 260__ $$c2016
000161668 5060_ $$aAccess copy available to the general public$$fUnrestricted
000161668 5203_ $$aLa década de los sesenta dio comienzo a un nuevo tipo de protesta universitaria en la que los protagonistas, los objetivos y las acciones contestatarias constituyeron novedad que el régimen no supo reconoce y cuya solución la represión física y judicial. La Universidad de Zaragoza se convirtió en un foco continuo de desafío al régimen. La herramienta jurídica que se utilizó fue la Jurisdicción de Orden Publico y el Tribunal de Orden Publico. El análisis de sus sentencias constituye una fuente primaria de extraordinaria importancia que nos revela que los estudiantes de Zaragoza fueron un elemento activo y crucial de la lucha antifranquista en la capital. El campus fue protagonista de manifestaciones, asambleas y demás muestras de descontento, destacando el Partido Comunista de España en su afán de liderar y promover la movilización estudiantil.
000161668 540__ $$9info:eu-repo/semantics/openAccess$$aby-nc-nd$$uhttps://creativecommons.org/licenses/by-nc-nd/4.0/deed.es
000161668 655_4 $$ainfo:eu-repo/semantics/article$$vinfo:eu-repo/semantics/publishedVersion
000161668 773__ $$g19, 2 (2016), 175-196$$pCuad. Inst. Antonio Nebrija Estud. Univ.$$tCIAN-REVISTA DE HISTORIA DE LAS UNIVERSIDADES$$x1139-6628
000161668 8564_ $$s1012832$$uhttps://zaguan.unizar.es/record/161668/files/texto_completo.pdf$$yVersión publicada
000161668 8564_ $$s1381307$$uhttps://zaguan.unizar.es/record/161668/files/texto_completo.jpg?subformat=icon$$xicon$$yVersión publicada
000161668 909CO $$ooai:zaguan.unizar.es:161668$$particulos$$pdriver
000161668 951__ $$a2025-10-17-14:17:56
000161668 980__ $$aARTICLE